00600 2200169 4500245004900000020001800049250001100067100001900078650002000097005001900117260004200136041001400178084000800192300002300200500019800223336000900421 aDengerin Dong , Troy !cAde KumalasarihText a979-22-2013-5 aCet. 1 aAde Kumalasari aNovel Indonesia a20231002131827 aJakartabGramedia Pustaka Utamac2006 aIndonesia a813 a216 hlm. :c20 cm. aMana cowo yang berani pedekate ke lintang? sudah pintar, ketua osis pula. Meskipun pengen banget punya pacar, lintang menolak ketika dinda mencalonkan troy sang komandan peleton inti disekolah. atext